Formula 1 drivers with the most home wins - Statistics

General Stats
  • This quiz has been taken 229 times
  • The average score is 10 of 16
Answer Stats
Number of home wins Driver % Correct
8 Hamilton
99%
4 Schumacher
91%
2 Senna
89%
6 Prost
84%
2 Verstappen
84%
2 Alonso
81%
4 Fangio
71%
2 Ascari
57%
4 Mansell
54%
2 Massa
51%
2 Piquet
51%
5 Clark
49%
2 Stewart
47%
2 Fittipaldi
41%
2 Coulthard
33%
2 Moss
26%
No matching quizzes found
Score Distribution
Percent of People with Each Score
Percentile by Number Answered
Your Score History
You have not taken this quiz